000 00671nam a2200133Ia 4500
008 171212s9999 xx 000 0 und d
020 _a9780813540405
100 _aFowler, Josephine
245 _cFowler, Josephine
_aJapanese and Chinese Immigrant Activists
_bOrganizing in American and International Communist Movements, 1919–1933
260 _bRutgers University Press
_c2007
650 _aCommunist Party of the United States of America -- History; Japanese Americans -- Politics and government; Chinese Americans -- Politics and government; Immigrants -- United States -- Political activity
650 _aHistory
856 _uhttp://www.jstor.org/stable/j.ctt5hj7ms
999 _c352835
_d352835